| 000 | 00612nam a22002057a 4500 | ||
|---|---|---|---|
| 999 |
_c6297 _d6297 |
||
| 003 | AR-CdUCM | ||
| 008 | 190314b ||||| |||| 00| 0 spa d | ||
| 040 |
_aMUNICIPALIDAD PROVINCIAL DEL CUSCO _cBIBLIOTECA MUNICIPAL DEL CUSCO |
||
| 082 |
_a869.56 / _bV23 |
||
| 100 |
_aValle Goicochea, Luis _91750 |
||
| 245 | _aRinomo y Papagil / | ||
| 260 |
_aLima : _bColmillo Blanco, _c1989. |
||
| 300 |
_a107 páginas ; _bIlustraciones, _c20 cm ; |
||
| 505 | _aContenido : Poesía | ||
| 650 |
_aPoesía _9444 |
||
| 650 |
_aPoesía peruana _911982 |
||
| 650 |
_aLiteratura _9416 |
||
| 942 |
_2ddc _cLIBROS |
||
| 945 | _admma | ||